000
00184nam a2200073Ia 4500
008
170523s9999 xx 000 0 und d
100
_a
Baker- R.J.
245
0
_a
CMOS Mixed-Signal Circuit Design
260
_a
Wiley India
999
_c
11995
_d
11995